| 000 | 00423nam a2200157 i 4500 | ||
|---|---|---|---|
| 001 | bg | ||
| 245 | 0 |
_aDesigning with TTL integrated circuits / _ced. by Robert L. Morris, John R. Miller. |
|
| 260 |
_aNew York, _c1971. |
||
| 700 | 1 |
_aMorris, Robert L. _eRed. |
|
| 700 | 1 |
_aMiller, John R. _eRed. |
|
| 040 | _cBPK | ||
| 041 | _apol | ||
| 080 | _a621.382:681.32 | ||
| 942 | _cKS | ||
| 008 | s pl f |000 0 pol | ||
| 999 |
_c27231 _d27231 |
||
| 856 |
_uhttp://koha.tu.koszalin.pl/cgi-bin/koha/opac-detail.pl?biblionumber=27231 _yKatalog online BPK |
||